Statistiques concernant Culture Générale - Série 2243

Cliquez ici pour prendre le quiz!

Statistiques générales

  • Ce quiz a été pris 103 fois
  • Le résultat moyen est 3 sur 10

Statistiques - réponses

QuestionRéponse% Correct
Qui fut le 16ème président des Etats-Unis ? prénom et nom - voir photoAbraham Lincoln
76%
Comment appelle-t-on le cochon mâle adulte ?verrat
53%
Comment a-t-on appelé en Afrique du Sud les colons d'origine néerlandaise ?boers
49%
Sur quelle île est mort le Maréchal Petain en 1951 ?Yeu
36%
Quel est le pays d'origine de Mère Teresa ?Albanie
35%
Quel réalisateur de films est devenu le premier homme à explorer en solo pendant plusieurs heures, à bord d'un mini-sous-marin, la fosse des Mariannes, à près de 11 kilomètres sous la surface de l'eau (10 898 m) ? prénom et nomJames Cameron
33%
Quel mot d 8 lettres commençant par " m " désigne une personne qui n'est courageuse qu'en paroles ?matamore
25%
Quelle est la monnaie officielle du Pérou ?sol
9%
De quel pays le "Tugrik" est-il la monnaie officielle ?Mongolie
6%
Quelle invention serait attribuée au physicien Gordon Gould (1920-2005) ?laser
0%

Distribution des résultats

Percentile par nombre de réponses

% des personnes avec chaque résultat

Votre développement - résultats

Vous n’avez pas pris ce quiz